| 000 | 00365pab a2200145 454500 | ||
|---|---|---|---|
| 008 | 180718b1997 xxu||||| |||| 00| 0 eng d | ||
| 100 | _aRamachandran, T.K. | ||
| 245 | _aInformation and systems management in government | ||
| 260 | _c1997 | ||
| 300 | _ap.113-30 | ||
| 362 | _aOct-Dec | ||
| 650 | _aInformation systems | ||
| 773 | _aAdministrator | ||
| 909 | _a41221 | ||
| 999 |
_c41221 _d41221 |
||